000 01084cam a2200301 a 4500
001 2966962
003 OSt
005 20230704111923.0
008 910510s1990 nyuabf i000 0 eng
010 _a 91151597
020 _a9211004446
040 _aDLC
_cDLC
043 _aaw-----
082 0 0 _a341.5
_bUNP
245 0 4 _aThe Blue helmets :
_ba review of United Nations peace-keeping /
_cUnited Nations.
250 _a2nd ed.
260 _a[New York, N.Y.] :
_bUnited Nations, Dept. of Public Information,
_cc1990.
300 _axx, 449 p., [18] p. of plates :
_bill., maps ;
_c23 cm.
500 _a"United Nations publication sales no. E.90.I.18"--T.p. verso.
500 _a"DPI/1065--40500--August 1990--21M"--T.p. verso.
610 2 0 _aUnited Nations
_xArmed Forces.
610 2 0 _aUnited Nations
_xArmed Forces
_zMiddle East.
710 2 _aUnited Nations.
710 2 _aUnited Nations.
_bDepartment of Public Information.
906 _a7
_bcbc
_corignew
_d2
_encip
_f19
_gy-gencatlg
942 _2ddc
_cBK
999 _c3729
_d3729